| 000 | 00758nam a2200253 a 4500 | ||
|---|---|---|---|
| 999 |
_c9334 _d9334 |
||
| 001 | 9334 | ||
| 003 | BD-JhCC | ||
| 005 | 20180313093842.0 | ||
| 008 | 180313s1954 enkac b 001 0beng d | ||
| 035 | _a(BD-JhCC)9334 | ||
| 040 |
_aBD-JhCC _dBD-JhCC |
||
| 041 | _aeng | ||
| 050 | 0 |
_aDS481.J5 _bB6 1954 |
|
| 082 |
_a923.1547 _bBOL 1966 |
||
| 100 | 1 |
_aBolitho, Hector, _d1897-1974 |
|
| 245 | 1 | 0 |
_aJinnah : _bcreator of Pakistan / _cby Hector Bolitho |
| 260 |
_aLondon : _bJohn Murray, _c1954 |
||
| 300 |
_a244 p., [8] leaves of plates : _bill., ports. ; _c23 cm. |
||
| 504 | _aIncludes bibliographical references and index. | ||
| 600 | 1 | 0 |
_aJinnah, Mahomed Ali, _d1876-1948. |
| 650 | 0 |
_aStatesmen _zPakistan _vBiography. |
|
| 942 |
_2ddc _cBK |
||